Family Relations

Detalles Bibliográficos
Formato: Libro
Lenguaje:inglés
Publicado: Hoboken: Wiley, 2000 -
Materias:
Acceso en línea:Acceso restringido

MARC

LEADER 00000nam a22000007a 4500
005 20220519211737.0
007 cr|||| ||||
008 220519c20009999us br|ws |||| 0|||b1eng d
022 |a 1741-3729 
035 |a 36218 
040 |a vLex 
090 |c 13362  |d 13362 
245 0 0 |a  Family Relations  |h [Recurso electrn̤ico] / 
256 |a Servicio en ln̕ea 
260 |a Hoboken:  |b Wiley,  |c 2000 - 
300 |a 1 recurso electrn̤ico 
310 |a Bimestral 
500 |a Family Relations is an international journal of applied family studies. It is a journal of the National Council on Family Relations. 
506 1 |a Disponible solo en los productos indicados  |d vLex Global  |d vLex Global (Academic Edition, excluding Law Schools)  |d vLex Global (Academic Edition, Law Schools) 
650 0 4 |a Derecho Civil  |z Estados Unidos 
740 0 |a vLex Revistas (Servicio en ln̕ea) 
856 4 0 |u https://app.vlex.com/#/sources/36218  |z Acceso restringido 
942 |c REV 
999 0 |a Civil Law